000 00745naa a22001817a 4500
001 209884
003 ES-MaBCM
005 20230222123505.0
008 190103t2018 sp ||||| ||||o00| 0 spa d
035 _a(OCoLC)1365181795
040 _cES-MaBCM
100 1 _9122756
_aBaiget Llompart, Miguel
245 1 0 _aUrbanismo y vivienda
_cMiguel Baiget Llompart, Isabel Cabrera-Kábana Sartorius
_b: políticas públicas de la arquitectura
504 _aIncluye referencias bibliográficas
700 1 _9122757
_aCabrera-Kábana Sartorius, Isabel
773 0 _dMadrid, Centro de Estudios Políticos y Constitucionales, 2018
_gp. 2497-2514 - Loc. 60041/3
_tEspaña constitucional: (1978-2018) : trayectorias y perspectivas
_w209035
942 _2udc
_cAMON
999 _c209884
_d209884